000 00799nam a2200217 a 4500
005 20140414093839.0
008 040310s19uu xx 00 eng d
050 _aVHS 370
_bOR 09 t.3
245 _aUsing standards to improve teaching and learning :
_bimproving classroom instruction.
260 _aAlexandria, Va :
_bAssociation for Supervision and Curriculum Development,
_cc2000.
300 _a30 min.
440 _aUsing standards to improve teaching and learning ; tape 3
500 _aFacilitator's guide, Tapes 1,2,3.
520 _aLibrary has"
650 _aCurriculum planning (Standards-based education))
_xUnited States.
650 _aEffective teaching
_xUnited States.
650 _aEducation
_xStandards
_xUnited States.
700 _aASCD
942 _cAVM
999 _c109167
_d109167